Car brand with the most sales in 2016 - Statistics

General Stats
  • This quiz has been taken 45 times
  • The average score is 8 of 15
Answer Stats
Hint Answer % Correct
1 Toyota
95%
14 BMW
81%
5 Ford
81%
13 Mercedes
77%
2 Volkswagen
77%
3 Hyundai
72%
7 Honda
70%
6 Nissan
63%
8 Fiat
49%
4 General Motors
49%
9 Renault
49%
10 Peugeot
42%
11 Suzuki
33%
12 SAIC
2%
15 Changan
0%
No matching quizzes found
Score Distribution
Percent of People with Each Score
Percentile by Number Answered
Your Score History
You have not taken this quiz